Ender´s game (Record no. 119242)

MARC details
000 -LÍDER
campo de controle de tamanho fixo 00753 a2200241 4500
001 - NÚMERO DE CONTROLE
campo de controle 119242
020 ## - ISBN - INTERNATIONAL STANDARD BOOK NUMBER
ISBN - International Standard Book Number 9781489862921
020 ## - ISBN - INTERNATIONAL STANDARD BOOK NUMBER
Informação qualificadora enc.
041 ## - CÓDIGO DE IDIOMA
Código do idioma do texto/trilha sonora ou título diferente eng
082 ## - CDD - CLASSIFICAÇÃO DECIMAL DE DEWEY
Número de Classificação [Fic]
040 ## - FONTE DA CATALOGAÇÃO
Instituição da catalogação original BR-BrIDEA
Instituição que transcreveu o registro BR-BrIDEA
090 ## - NÚMERO DE CHAMADA LOCAL
Número de chamada (OCLC) (R); Número de chamada, CALL (RLIN) (NR) P Year 8 [Fic]
Número Cutter local (OCLC); Número de classificação do livro, CALL (RLIN) CAR
100 ## - ENTRADA PRINCIPAL--NOME PESSOAL
Nome pessoal Card, Orson Scott
245 10 - TÍTULO
Título Ender´s game
Indicação de responsabilidade, etc. Orson Scott Card
260 ## - PUBLICAÇÃO, DISTRIBUIÇÃO, ETC.
Local de publicação, distribuição, etc. New York
Nome do editor, distribuidor, etc. Tom Doherty Associates
Data da publicação, distribuição, etc. 1991
300 ## - DESCRIÇÃO FÍSICA
Extensão 380 p.
520 ## - NOTA DE RESUMO, ETC
Resumo, etc. Young Ender Wiggin may prove to be the military genius Earth needs to fight a desperate battle against a deadly alien race that will determine the future of the human race.
697 ## - ENTRADA DE ASSUNTO LOCAL--ENTIDADE COLETIVA (RLIN)
Nome corporativo ou nome da jurisdição Science fiction
697 ## - ENTRADA DE ASSUNTO LOCAL--ENTIDADE COLETIVA (RLIN)
Nome corporativo ou nome da jurisdição Perseverance - Fiction.
697 ## - ENTRADA DE ASSUNTO LOCAL--ENTIDADE COLETIVA (RLIN)
Nome corporativo ou nome da jurisdição Military education
856 ## - LOCALIZAÇÃO ELETRÔNICA E ACESSO
Uniform Resource Identifier <a href="000034/000034a8.jpg">000034/000034a8.jpg</a>
942 ## - ELEMENTOS DE ENTRADA ADICIONADOS (KOHA)
Tipo de material Koha Livros
Holdings
Situação do descarte Situação das perdas Fonte da classificação ou esquema de arquivamento na estante Situação física Não pode ser emprestado Biblioteca de origem Biblioteca atual Data de aquisição Total de empréstimos Número de chamada completo Código de barras Devolução em Data de último acesso Data do último empréstimo Data do preço efetivo Tipo de material Koha
    Classificação Decimal de Dewey     ECB - SUDOESTE ECB - SUDOESTE 12/04/2023 1 P Year 8 [Fic] CAR 00061801SSW 22/07/2024 23/05/2024 23/05/2024 23/01/2024 Livros
    Classificação Decimal de Dewey     ECB - SUDOESTE ECB - SUDOESTE 12/04/2023 1 P Year 8 [Fic] CAR 00061802SSW 05/08/2024 06/06/2024 06/06/2024 23/01/2024 Livros
    Classificação Decimal de Dewey     ECB - SUDOESTE ECB - SUDOESTE 12/04/2023 1 P Year 8 [Fic] CAR 00061803SSW 05/08/2024 06/06/2024 06/06/2024 23/01/2024 Livros